| 000 | 00783cam a22002777a 4500 | ||
|---|---|---|---|
| 003 | CHAP | ||
| 005 | 20220329141137.0 | ||
| 008 | 971010s1970 r 00010 d | ||
| 010 | _a63349 | ||
| 011 | _a64321 | ||
| 035 | _a69620 | ||
| 040 | _cCHAP | ||
| 082 | 0 | 4 |
_a301 _bM3Y |
| 100 | 0 | 0 |
_aMartindale, Don. _971655 |
| 245 | 1 | 3 | _aLa sociedad norteamericana |
| 260 |
_aMéxico, D. F. : _bFCE, _c1970 |
||
| 300 | _a473 p. | ||
| 590 |
_aBATCH-UPD _b10 _c20130110 _lUCH01 _h0947 |
||
| 590 |
_aBATCH-UPD _b10 _c20130410 _lUCH01 _h0602 |
||
| 590 |
_aBATCH-UPD _b10 _c20130914 _lUCH01 _h1800 |
||
| 590 |
_aCONVERSION _b10 _c20130109 _lUCH01 _h1334 |
||
| 650 | 1 | 4 |
_aSociología. _9108197 |
| 901 | _aBK | ||
| 942 | _cLIBRO | ||
| 949 |
_a301 M3Y _bBC _cLIBRO _d33724000286225 _eLIBRO _h33524 _i69620 _si |
||
| 999 |
_c63349 _d63349 |
||